Nationalités du Rugby - Statistiques

Statistiques générales
  • Ce quiz a été pris 230 fois
  • Le résultat moyen est 13 sur 15
Statistiques - réponses
Hint Réponse % Correct
Dan Carter Nouvelle-Zélande
98%
Brian O'Driscoll Irlande
97%
Paolo Garbisi Italie
97%
Peato Mauvaka France
96%
Stuart Hogg Ecosse
94%
Maro Itoje Angleterre
93%
Josua Tuisova Fidji
93%
Kotaro Matsushima Japon
92%
Matt Giteau Australie
91%
Leigh Halfpenny Pays de Galles
90%
Ben Tameifuna Tonga
89%
Facundo Bosch Argentine
88%
François Pinard Afrique du Sud
79%
Fritz Lee Samoa
75%
David Mélé Espagne
50%
Aucun quiz correspondant
Distribution des résultats
% des personnes avec chaque résultat
Percentile par nombre de réponses
Votre historique - résultats
Vous n’avez pas pris ce quiz